000 00824nam a2200265Ia 4500
005 20250529103307.0
008 210716s2012 xx 000 0 und d
020 _a9788126538010
040 _cAIMIT LIBRARY
041 _aeng
082 _a005.7402
_21
_bJORA
100 _aJorgensen, Adam.
_943470
245 _aMicrosoft SQL server 2012 :
_bBible /
_cBy Jorgensen, Adam.
250 _a1st ed.
260 _aNew Delhi :
_bWiley India Pvt Ltd ,
_c2012.
300 _axxxii, 1384p. ;
_c23 cm.
_bPB
650 _aThe world of SQL server
_943471
650 _aClient connectivity
_943472
650 _aUsing XML data
_943473
700 _aLeblanc, Patrick.
_943474
700 _aChinchilla, Jose.
_943475
700 _aSegarra, Jorge
_943476
700 _aNelson, Aaron.
_943477
942 _2ddc
_cBK
_e1st
_k005.7402 JORA
999 _c192946
_d192946